| 000 | 00539nam a22001937a 4500 | ||
|---|---|---|---|
| 003 | KOHA_MİRAKIL | ||
| 005 | 20251030164210.0 | ||
| 008 | 251030b tu ||||| |||| 00| 0 tur d | ||
| 020 | _a9786057762801 | ||
| 040 |
_aTR-AnABB _btur _cTR-AnABB |
||
| 041 | _atur | ||
| 082 |
_a823.914 _bGAİ 2022 |
||
| 100 | 1 | _aGaiman, Neil, | |
| 245 | 1 | 0 |
_aYolun sonundaki okyanus / _cNeil Gaiman |
| 260 |
_aİstanbul : _bİthaki Yayınları, _c2022 |
||
| 300 |
_a213 sayfa ; _c21 cm |
||
| 650 | 0 | 4 | _aİngiliz edebiyatı, roman |
| 942 |
_2ddc _cBK |
||
| 999 |
_c9254 _d9254 |
||
| 900 | _bGizem YORULMAZ | ||